Stany USA o najwyższym wskaźniku HDI - Statystyki

Ogólne statystyki
  • Ten quiz został rozwiązany 16 razy
  • Średni wynik to 5 z 10
Statystyki odpowiedzi
HDI Stan % Poprawnych
0,938 Nowy Jork
92%
0,940 Waszyngton
92%
0,943 New Jersey
69%
0,949 Massachusetts
62%
0,948 Connecticut
38%
0,940 Hawaje
38%
0,942 Kolorado
38%
0,947 Minnesota
23%
0,943 New Hampshire
23%
0,940 Dakota Północna
15%
Nie znaleziono quizów pasujących do podanych kryteriów
Rozkład punktacji
Procent ludzi z każdym wynikiem
Percentyl według liczby udzielonych odpowiedzi
Twoja historia wyników
Nie rozwiązałeś tego quizu